00457nam a22001697a 450000500170000001000150001702000260003203500130005803700130007108200060008410000180009024500430010826000440015127000650019530000210026070000060028120140217123512.0 aENG-108598 a9789350093528c299.00 aEN-92131 bDBAD/PUB aN aNishat Fatima aSeriously, Sitara? /cby Nishat Fatima aGurgaonbHachette Book Publishingc2013 a4th/5th Floors, Corporate Centre, Sector 44bGurgaone122003 a323p.c18cm(pbk) a